Το άγαλμα της Ελευθερίας της Κρήτης

Saved in:
Bibliographic Details
Main Author: Μαχαιρίδης, Χρήστος, 1957-
Format: Book
Language:Greek
Published: Χανιά : Εθνικό Ίδρυμα Ερευνών και Μελετών "Ελευθέριος Κ. Βενιζέλος", Έρεισμα, 2003
Subjects:
Tags: Add Tag
No Tags, Be the first to tag this record!

MARC

LEADER 00000cam a2200000 i 4500
001 1/31455
008 060623s2003 gre d
020 |a 960-8000-09-2 
035 |l 10084412 
040 |a GR-MY-UA  |b gre  |e aacr 
041 0 |a gre 
082 0 |a 733.309495  |2 (22) 
100 1 |a Μαχαιρίδης, Χρήστος,   |d 1957- 
245 1 3 |a Το άγαλμα της Ελευθερίας της Κρήτης /  |c Χρήστος Μαχαιρίδης 
260 |a Χανιά :   |b Εθνικό Ίδρυμα Ερευνών και Μελετών "Ελευθέριος Κ. Βενιζέλος",   |b Έρεισμα,   |c 2003 
300 |a 153 σ.;  |b εικ., σχέδ.;  |c 21 εκ. 
504 |a Περιέχει βιβλιογραφία (σ. 152-153) 
600 1 0 |a Θωμόπουλος, Θωμάς,   |d 1873-1937. 
650 0 0 |a Sculpture, Greek  |y 20th century. 
852 |a INST  |b LESVOS  |e 20060623  |h 733.309495 ΜΑΧ  |p 005100036159  |q 005100036159  |t BK  |y 0 
901 |a BIBL1-2006-2 
909 |a Λ  |b 128658 
970 |a ΚΑΡΑ  |b ΓΙΑΣΕΜΗ  |z 2006/06/23